000 01009nam a2200265Ia 4500
003 OSt
005 20220923211246.0
006 a|||||r|||| 00| 0
007 ta
008 220922b |||||||| |||| 00| 0 san d
020 _a9788178543031 (hbk)
_c2750
024 _a286,616
037 _b240, 27/11/2015, Eastern Book Linkers
_cTextual
040 _aARTS
_cARTS
_bsan
041 _2san
_asan
082 _aO15:g(N), 152Q5
100 _aगुप्ता, पुष्पा
245 0 _aसंस्कृत वाङ्मय - चतुःषष्टि कलाएॅं
246 _aSanskṛut vānmaya - chatuahṣhaṣhṭi kalāeॅan
260 _aदिल्ली
_b ईस्टर्न बुक लिंकर्स
_c2015
300 _a530पृ0
_ccm.
650 _aसंस्कृत साहित्य
942 _hO15:g(N), 152Q5
_cTEXL
_2CC
999 _c297826
_d297826